Die japanische herausforderung

Gardado en:
Detalles Bibliográficos
Autor Principal: Hedberg, Hakan
Formato: Libro
Idioma:Undetermined
Publicado: Germany Droemer Knaur 1972
Các nhãn: Engadir etiqueta
Sen Etiquetas, Sexa o primeiro en etiquetar este rexistro!
Thư viện lưu trữ: Trung tâm Học liệu Trường Đại học Cần Thơ
LEADER 00430nam a2200169Ia 4500
001 CTU_86330
008 210402s9999 xx 000 0 und d
082 |a 382 
082 |b H452 
100 |a Hedberg, Hakan 
245 0 |a Die japanische herausforderung 
245 0 |c Hakan Hedberg 
260 |a Germany 
260 |b Droemer Knaur 
260 |c 1972 
904 |i Năm 
980 |a Trung tâm Học liệu Trường Đại học Cần Thơ